Külön-külön, de mégis együtt... Az MSZP társelnökök nyilatkoznak lapunknak
Elmentve itt :
| Dokumentumtípus: | Cikk |
|---|---|
| Megjelent: |
1995-02-14
|
| Sorozat: | Délmagyarország
85 No. 38 |
| Kulcsszavak: | Anderle Ádám, Szemők Árpád |
| Online Access: | http://dmarchiv.bibl.u-szeged.hu/79332 |
| LEADER | 00469nab a2200145 i 4500 | ||
|---|---|---|---|
| 001 | delm79332 | ||
| 005 | 20191014113116.0 | ||
| 008 | 191014s1995 hu o 0|| hun d | ||
| 040 | |a SZTE Délmagyarország Archívum |b hun | ||
| 041 | |a hun | ||
| 245 | 0 | 0 | |a Külön-külön, de mégis együtt... Az MSZP társelnökök nyilatkoznak lapunknak |h [elektronikus dokumentum] |
| 260 | |c 1995-02-14 | ||
| 300 | |a 5 | ||
| 490 | 0 | |a Délmagyarország |v 85 No. 38 | |
| 695 | |a Anderle Ádám, Szemők Árpád | ||